ბათუმის შოთა რუსთაველის სახელმწიფო უნივერსიტეტის ბიბლიოთეკა

Contemporary Clinical Immunology and Serology / (ბიბ.ჩანაწერი № 45377)

000 -LEADER
fixed length control field 00790nam a2200229Ia 4500
001 - CONTROL NUMBER
control field 12201
003 - CONTROL NUMBER IDENTIFIER
control field GE_BSU
005 - DATE AND TIME OF LATEST TRANSACTION
control field 20221118111120.0
008 - FIXED-LENGTH DATA ELEMENTS--GENERAL INFORMATION
fixed length control field 181216s2013en xx |||||||||||||| ||eng||
020 ## - INTERNATIONAL STANDARD BOOK NUMBER
International Standard Book Number 9780135104248 x
040 ## - CATALOGING SOURCE
Transcribing agency GE_BSU
041 ## - LANGUAGE CODE
Language code of text/sound track or separate title eng
080 ## - UNIVERSAL DECIMAL CLASSIFICATION NUMBER
Universal Decimal Classification number 616.097 R-52
100 ## - MAIN ENTRY--PERSONAL NAME
Personal name Rittenhoue-Olson,kate.
9 (RLIN) 15911
245 ## - TITLE STATEMENT
Title Contemporary Clinical Immunology and Serology /
Statement of responsibility, etc. kate Rittenhoue-Olson, Nardin, de Ernesto.
264 ## - PRODUCTION, PUBLICATION, DISTRIBUTION, MANUFACTURE, AND COPYRIGHT NOTICE
Place of production, publication, distribution, manufacture Boston :
Name of producer, publisher, distributor, manufacturer Pearson,
Date of production, publication, distribution, manufacture, or copyright notice 2013.
300 ## - PHYSICAL DESCRIPTION
Extent 440 p.:
Other physical details ill.
Dimensions 28 cm.
653 ## - INDEX TERM--UNCONTROLLED
keyword Contemporary Clinical Immunology and Serology.
653 ## - INDEX TERM--UNCONTROLLED
keyword თანამედროვე კლინიკური იმუნოლოგია და სეროლოგია.
700 ## - ADDED ENTRY--PERSONAL NAME
Personal name Ernesto Nardin, de
9 (RLIN) 15912
942 ## - ADDED ENTRY ELEMENTS (KOHA)
Koha item type წიგნი
Source of classification or shelving scheme
ეგზემპლარები
Withdrawn status Lost status Source of classification or shelving scheme Damaged status Not for loan Permanent Location Current Location Shelving location Date acquired Cost, normal purchase price Full call number Barcode Date last seen Copy number Price effective from Koha item type Public note
          ბათუმის შოთა რუსთაველის სახელმწიფო უნივერსიტეტის მთავარი ბიბლიოთეკა ბათუმის შოთა რუსთაველის სახელმწიფო უნივერსიტეტის მთავარი ბიბლიოთეკა წიგნსაცავი 2018-12-17 155.00 616.097 R-52 35986 2018-12-17 35986 2018-12-17 წიგნი 155ლ.